Statistieken voor Identificeer de Taal op de Wereldkaart

Klik hier om de quiz te nemen!

Algemene statistieken

  • Deze quiz is 1.115 keer genomen
  • De gemiddelde score is 11 van 18

Antwoorden op de kaart

Antwoorden kleurgecodeerd door een groen-rode schaal op de quizkaart volgens % correct hieronder.
 

Antwoordstatistieken

Antwoord% Correct
Gisteren ging hij naar zijn werk om een rode auto te bouwen.
93%
Gestern ging er zu seiner Arbeit, um ein rotes Auto zu bauen.
91%
Hier, il est allé à son travail pour construire une voiture rouge.
89%
Yesterday, he went to his job to build a red car.
88%
Ieri è andato al suo lavoro per costruire una macchina rossa.
77%
Al-bariha dhahaba 'iilaa wazifatih libina'i sayaaratin hamraa'a.
71%
Ayer fue a su trabajo para construir un auto rojo.
68%
Wczoraj poszedł do swojej pracy, aby zbudować czerwony samochód.
68%
Dün kırmızı bir araba yapmak için işine gitti.
62%
Í gær fór hann í vinnuna sína að smíða rauðan bíl.
57%
Kinō kare wa akai kuruma o tsukuru tame ni shigoto ni ikimashita.
53%
Vchera on poshel na rabotu, chtoby postroit' krasnuyu mashinu.
53%
Zuótiān tā qù shàngbān qù zào yī liàng hóngsè de qìchē.
53%
Eilen hän meni työpaikalleen rakentamaan punaista autoa.
49%
I nehinei ua hele ʻo ia i kāna hana e hana i kaʻa ʻulaʻula.
42%
Eoje geuneun ppalgan chaleul mandeulgi wihae jigjang-e gassda.
37%
Jana alienda kazini kwake kujenga gari jekundu.
35%
Kal voh laal rang ki gaadi banaane apne kaam par gaya tha.
35%

Scoreverdeling

Percentiel versus Aantal Correcte Antwoorden

Procent van Mensen met Elke Score

Uw Scoregeschiedenis

U heeft deze quiz nog niet genomen